000 00344nam a2200145Ia 4500
008 230917s9999||||xx |||||||||||||| ||und||
040 _e40797
_aMAIN
041 _aEnglish
082 _a823.09 M783J:G
100 _aJeffares, A Norman
245 0 _aGeorge Moore
260 _aLondon
_bLongmans, Green
_c1965
300 _a43 p.
942 _cBK
999 _c194385
_d194385